El tiempo: reflexiones físicas y filosóficas
Guardat en:
| Autor principal: | |
|---|---|
| Format: | Llibre |
| Idioma: | espanyol |
| Publicat: |
Quito
Ediespe
1998
|
| Edició: | 1a. ed |
| Matèries: | |
| Etiquetes: |
Afegir etiqueta
Sense etiquetes, Sigues el primer a etiquetar aquest registre!
|
MARC
| LEADER | 00000cam a2200000 a 4500 | ||
|---|---|---|---|
| 001 | UCD5201 | ||
| 003 | CL-VaPUC | ||
| 008 | 160811e19980000ec |||||||||||||||||spa|d | ||
| 020 | |a 9789942027122 | ||
| 082 | 0 | 4 | |a 100 |b ROM |2 21 |
| 100 | 0 | |a Romo S., Luis A |e author |9 588926 | |
| 245 | 1 | 3 | |a El tiempo: reflexiones físicas y filosóficas |
| 250 | |a 1a. ed | ||
| 300 | |a 268 p | ||
| 942 | |c BK | ||
| 945 | |d 20160811 17:41:00 |a arojas | ||
| 260 | |a Quito |b Ediespe |c 1998 | ||
| 650 | 0 | |a Tiempo |9 267892 | |
| 650 | 0 | |a Filosofía |9 223554 | |
| 583 | |a last modification |c 20160811 17:41:00 |k Rodrigo Vera | ||
| 999 | |c 365930 |d 365928 | ||
| 952 | |0 0 |1 0 |3 erb |4 0 |6 100_000000000000000_ROM_1998 |7 0 |8 A |9 479905 |a BIBEDU |b BIBEDU |i 5336988 |o 100 ROM 1998 |p 5336988 |r 2019-11-24 |w 2019-11-24 |y BK |z Catalogado en:20160811 |k FIL | ||